Responses for show #8134 - Thursday, January 9, 2020

Contestants

[<< previous game]

Katie Needle, a retail supervisor from Brooklyn, New York

Claire Henner, a corporate recruiter from Chicago, Illinois

Lisa Warne-Magro, a homemaker and community volunteer from Austin, Texas (whose 2-day cash winnings total $24,500)

[next game >>]

Jeopardy! Round responses

PARADISE BY
THE DASHBOARD LIGHT
FAIRY TALES & FOLK TALES
MAGAZINE COLLECTION
FROM THE GREEK
WEIRD FACTS
    $200 15
Jimmy Buffett

Katie
    $200 11
a tire

Claire
    $200 21
a leprechaun

Claire
    $200 16
Redbook

Lisa
    $200 1
a tragedy

Katie
    $200 6
A

Lisa
    $400 26
Axl Rose

Lisa
    $400 12
(Katie: What is water?)

coolant (antifreeze)

LisaKatie
    $400 22
(King) Arthur

Lisa
    $400 17
ESPN The Magazine

Triple Stumper
    $400 2
a synonym

Lisa
    $400 7
Pluto

Katie
    $600 27
Meat Loaf

Katie
    $600 13
the airbag system

Claire
    $600 23
the Sorcerer's Apprentice

Claire
    $600 18
TV Guide

Lisa
    $600 3
a trauma

Lisa
    $600 8
Alabama

Claire
    $800 28
Coolio

Claire
    $800 14
(Lisa: What is an electric car or an electric engine?)

diesel

Lisa
Triple Stumper
    $800 24
The Three Billy Goats Gruff

Lisa
    $1,600 19
Reader's Digest

Lisa
    $800 4
a tyrant

Katie
    $800 9
a ferret

Claire
    $1000 29
Lana Del Rey

Katie
    $1000 30
(Lisa: Uh, what are your brights?)

a fog light

LisaClaire
    $1000 25
The Little Mermaid

Katie
    $1000 20
Good Housekeeping

Lisa
    $1000 5
(Claire: What is dendrology?)

dendrochronology

Claire
Triple Stumper
    $1000 10
teak

Claire

Scores at the first commercial break (after clue 15):

Lisa Claire Katie
$800 $2,200 $1,200

Scores at the end of the Jeopardy! Round:

Lisa Claire Katie
$4,800 $4,800 $3,800

Double Jeopardy! Round responses

MEDICAL MATTERS
ORGANIZATIONS
AMERICAN "CITY"
WORLD LEADERS
HOMOPHONE CALLS
IT'S THE GIELGUD MOVIE OF THE YEAR
    $400 12
hepatitis

Lisa
    $400 19
the Grammys

Claire
    $400 6
Atlantic City

Lisa
    $400 26
(Alex: And she now has a much higher position. [*].)

Angela Merkel

Triple Stumper
    $400 1
capital & capitol

Lisa
    $400 11
Prospero

Lisa
    $800 17
asthma

Claire
    $800 22
(Lisa: What is the American Bar Association?)

the Supreme Court

Lisa
Triple Stumper
    $800 7
(Alex: Yes, Kit Carson.)

Carson City

Katie
    $800 27
Pakistan

Katie
    $800 2
[NOTE: One word was sufficient.]

isle [aisle]

Katie
    $800 13
(Claire: What is Cleopatra?)

Julius Caesar

LisaClaire
    $1200 18
a stye

Katie
    $3,000 23
the ASPCA

Katie
    $1200 8
(Alex: Yep. The Thunder.)

Oklahoma City

Katie
    $1200 28
Berlusconi

Claire
    $1200 3
bore [Boer]

Lisa
    $1200 14
Falstaff

Katie
    $1600 20
sickle cell anemia

Lisa
    $1600 24
the International Monetary Fund

Katie
    $1600 9
Rapid City

Lisa
    $1600 29
Sarkozy

Katie
    $1600 4
wither [whither]

Lisa
    $1600 15
(Laurence) Olivier

Lisa
    $2000 21
rheumatoid

Katie
    $2000 25
Delta Gamma

Katie
    $2,000 10
(Lisa: What is Iowa City?)

Kansas City

Lisa
    $2000 30
(Claire: What is Auckland?)

Christchurch

LisaClaire
    $2000 5
airy [aerie]

Lisa
    $2000 16
Arthur

Lisa

Scores at the end of the Double Jeopardy! Round:

Lisa Claire Katie
$18,000 $4,400 $20,000

[wagering suggestions for these scores]

Final Jeopardy! Round responses

LAW ENFORCEMENT
ClaireWhat is forensic?
$4,399
LisaWhat is a fingerprint?
$0
KatieWhat are fingerprints?
$16,001
fingerprint

Final scores:

Lisa Claire Katie
$18,000 $1 $36,001
2nd place: $2,000 3rd place: $1,000 New champion: $36,001

Game dynamics:

Coryat scores:

Lisa Claire Katie
$19,200 $4,400 $18,200
24 R
(including 1 DD),
4 W
(including 1 DD)
12 R,
3 W
18 R
(including 1 DD),
1 W

Combined Coryat: $41,800

The J! Archive is created by fans, for fans. The Jeopardy! game show and all elements thereof, including but not limited to copyright and trademark thereto, are the property of Jeopardy Productions, Inc. and are protected under law. This website is not affiliated with, sponsored by, or operated by Jeopardy Productions, Inc. Join the discussion at JBoard.tv.